Statistiken für Bilder nach Buchstabe - V

Klicken Sie hier um das Quiz zu spielen!

Allgemein

  • Dieses Quiz wurde 1,117 mal gespielt
    (158 seit der letzten Aktualisierung)
  • Das Durchschnittsergebnis liegt bei 12 aus 15

Antwortstatistiken

Answer % Korrekt
Venedig
98%
Volkswagen
96%
Vespa
94%
Vietnam
94%
Vanille
92%
Venezuela
91%
Vier
90%
Victoria
88%
Veilchen
88%
Vinyl
84%
Versailles
73%
Vieh
71%
Villa
69%
Venus
59%
Vesuv
50%

Verteilung der Resultate

Perzentil nach korrekt beantworteten Fragen

Anzahl Personen mit jedem Resultat

Ihre Resultats-Entwicklung

Sie haben dieses Quiz seit der letzten Aktualisierung nicht gespielt